[Event "ALG Cup"]
[Site "Bejaia"]
[Date "2020.02.29"]
[Round "6"]
[White "Hadjout, Ilina"]
[Black "Tazarout, Abdelmalek"]
[Result "0-1"]
[WhiteElo "1123"]
[BlackElo "1724"]
[PlyCount "120"]
[EventDate "2020.02.27"]
[EventType "swiss"]
[EventRounds "7"]
[EventCountry "ALG"]
[SourceTitle "CBM 195 Extra"]
[Source "ChessBase"]
[SourceDate "2020.05.31"]
[SourceVersion "1"]
[SourceVersionDate "2020.05.31"]
[SourceQuality "1"]

1. e4 c5 2. Nf3 Nc6 3. d4 cxd4 4. c3 Nf6 5. e5 Ng8 6. cxd4 d6 7. Bb5 Bd7 8. 0-0 a6 9. Bxc6 bxc6 10. exd6 exd6 11. Re1+ Be7 12. d5 cxd5 13. Qxd5 Rc8 14. Qxd6 Be6 15. Qxd8+ Rxd8 16. Nc3 Nf6 17. Ne5 Bb4 18. Bf4 0-0 19. Nc6 Bxc3 20. Nxd8 Bxe1 21. Nxe6 Bxf2+ 22. Kxf2 fxe6 23. Re1 Nd5 24. g3 g5 25. Rxe6 gxf4 26. Rxa6 Nb4 27. Ra4 Nd3+ 28. Kf3 fxg3+ 29. Kxg3 Nxb2 30. Rg4+ Kh8 31. a4 Ra8 32. Rb4 Nxa4 33. h4 Nc5 34. h5 Ra3+ 35. Kg4 Ra4 36. Rxa4 Nxa4 37. h6 Kg8 38. Kg5 Kf7 39. Kf5 Nb6 40. Kg5 Ke6 41. Kh5 Kf6 42. Kg4 Kg6 43. Kh4 Kxh6 44. Kg4 Kg6 45. Kh4 h5 46. Kg3 Kg5 47. Kh3 Nd5 48. Kg3 Nf4 49. Kh2 Kg4 50. Kg1 Nd3 51. Kg2 h4 52. Kg1 Kg3 53. Kh1 h3 54. Kg1 h2+ 55. Kf1 h1Q+ 56. Ke2 Nf2 57. Ke3 Qe4+ 58. Kd2 Qd3+ 59. Ke1 Qc2 60. Kf1 Qd1# 0-1

[Event "ALG Cup"]
[Site "Bejaia"]
[Date "2020.02.29"]
[Round "5"]
[White "Tazarout, Abdelmalek"]
[Black "Ferrah, Hacene"]
[Result "0-1"]
[WhiteElo "1724"]
[BlackElo "1777"]
[PlyCount "110"]
[EventDate "2020.02.27"]
[EventType "swiss"]
[EventRounds "7"]
[EventCountry "ALG"]
[SourceTitle "CBM 195 Extra"]
[Source "ChessBase"]
[SourceDate "2020.05.31"]
[SourceVersion "1"]
[SourceVersionDate "2020.05.31"]
[SourceQuality "1"]

1. c4 c6 2. Nf3 d5 3. e3 Nf6 4. d4 Nbd7 5. Nc3 e6 6. a3 Bd6 7. Bd3 dxc4 8. Bxc4 Nd5 9. e4 Nxc3 10. bxc3 Be7 11. 0-0 0-0 12. e5 c5 13. Qd3 a6 14. Ba2 b5 15. Bb1 g6 16. Rd1 Bb7 17. Qe3 Bxf3 18. Qxf3 Qc7 19. Bh6 Rfd8 20. Be4 Rac8 21. Rac1 Nb6 22. Bb7 Rb8 23. Be4 c4 24. g3 Nd5 25. h4 a5 26. h5 Bxa3 27. Bxd5 Rxd5 28. Qf6 Bf8 29. Bxf8 Kxf8 30. hxg6 hxg6 31. Kg2 Qd8 32. Qh8+ Ke7 33. Qf6+ Ke8 34. Qf3 Qe7 35. Rh1 Kd7 36. Rh7 Rf8 37. Ra1 a4 38. Qd1 Kc6 39. Rxa4 bxa4 40. Qxa4+ Kb6 41. Rh1 Rb5 42. Ra1 Qb7+ 43. f3 Rc8 44. Kf2 Rc6 45. Qa3 Rc7 46. Qd6+ Qc6 47. Qa3 Rb7 48. Ke3 Kc7 49. Qe7+ Qd7 50. Qa3 g5 51. Qa4 Rxe5+ 52. dxe5 Qd3+ 53. Kf2 Rb2+ 54. Kg1 Qe3+ 55. Kh1 Qxf3+ 0-1